banner-ar

LES TOITS DES PAYS DE FRANCE / (Record no. 16407)

MARC details
000 -الفاتح
حقل البيانات ثابتة الطول 00467nam a2200181Ia 4500
008 - عناصر البيانات ثابتة الطول - معلومات عامة
حقل البيانات ثابتة الطول 140319s9999 xx 000 0 eng d
040 ## - مصدر الفهرسة
وكالة الفهرسة الأصلية GCL /
وكالة النسخ GCL
082 04 - رقم تصنيف ديوى العشرى
رقم التصنيف 721.7
رقم المادة C T
100 1# - المدخل الرئيسى - إسم شخصى
الإسم الشخصى CHAUVET, JEAN - YVES
245 10 - بيان العنوان
العنوان LES TOITS DES PAYS DE FRANCE /
بيان المسئوليه,etc CHAUVET, JEAN - YVES
260 ## - PUBLICATION, DISTRIBUTION, ETC. (IMPRINT)
تاريخ النشر أو التوزيع 1996
300 ## - الوصف المادى
التعداد 143 P
650 04 - المدخل الاضافى بالموضوع-مصطلح موضوعى
مصطلح موضوعي CEILINGS
650 04 - المدخل الاضافى بالموضوع-مصطلح موضوعى
مصطلح موضوعي ARCHITECTURE
650 04 - المدخل الاضافى بالموضوع-مصطلح موضوعى
مصطلح موضوعي CEILINGS - FRANCE
942 ## - عناصر المدخل الإضافي( كوها)
مصدر التصنيف او مخطط الترفيف Dewey Decimal Classification
Koha [default] item type كتاب
260 ## - PUBLICATION, DISTRIBUTION, ETC. (IMPRINT)
-- [S.N] :
-- HOUSE BOOK ،
Holdings
حالة التراجع حالة الفقد حالة تلف ليس للاعارة المكان المؤقت الموقع الحالى تاريخ الاكتساب اجمالي اﻻعارات رقم الطلب الباركود تاريخ اخر مشاهدة تاريخ تفعيل السعر نوع وعاء كوها
        مكتبة القاهرة الكبرى مكتبة القاهرة الكبرى 03/26/2014   721.7\C T 29824 03/26/2014 03/26/2014 كتاب

Powered By

EGPV